000 00321nam a2200145 a 4500
005 20140414093847.0
008 100709s19uu xx 00 eng d
020 _a7-88700-787-9
050 _aCD 495.1
_bK95 2009
245 _aKuaile hanyu.
250 _a2009
260 _aChina.
942 _cAVM
999 _c109679
_d109679